A new and compleat history and survey of the cities of London and Westminster (Record no. 113805)
[ view plain ]
| 000 -LEADER | |
|---|---|
| fixed length control field | 01576cam a22002055a 4500 |
| 001 - CONTROL NUMBER | |
| control field | L155766 |
| 008 - FIXED-LENGTH DATA ELEMENTS--GENERAL INFORMATION | |
| fixed length control field | 120416s1770 xxk f 000 0 eng d |
| 035 ## - SYSTEM CONTROL NUMBER | |
| System control number | (Sirsi) u155766 |
| 041 0# - LANGUAGE CODE | |
| Language code of text/sound track or separate title | eng |
| 245 02 - TITLE STATEMENT | |
| Title | A new and compleat history and survey of the cities of London and Westminster |
| Remainder of title | the Borough of Southwark, and Parts adjacent; from the earliest accounts, to the begining of the year 1770. Containing I. An Account of the original Foundation, and modern State of those Places. II. Their Laws, Charters, Customs, Privileges, Immunities, Government, Trade and Navigation. III. A Description of the several Wards, Parishes, Liberties, Precincts, Churches, Palaces, Noblemen's Houses, Hospitals, and other public Buildings. IV. An Account of the Curiosities of the Tower of London, the Royal Exchange, St. Paul's Cathedral, the British Museum, Westminster-Abbey, &c. V. A general History of the memorable Actions of the Citizens, and the Revolutions that have happened, from the Invasion of Julius Caesar to the present Time. By a Society of gentlemen; revised, corrected, and improved, by Henry Chamberlain of Hatton-Garden, Esq |
| 260 ## - PUBLICATION, DISTRIBUTION, ETC. | |
| Place of publication, distribution, etc. | London |
| Name of publisher, distributor, etc. | printed for J. Cooke, at Shakespear's Head, No. 17, Pater-Noster-Row |
| Date of publication, distribution, etc. | [1770] |
| 300 ## - PHYSICAL DESCRIPTION | |
| Extent | [4], 682, [10] p., plates |
| Dimensions | 2o |
| 520 ## - SUMMARY, ETC. | |
| Summary, etc. | Published in parts. |
| 583 0# - ACTION NOTE | |
| Action | Condition reviewed |
| Time/date of action | 20120620 |
| Status | condition level 1, 4, 4 |
| 583 ## - ACTION NOTE | |
| Action | Sent for conservation |
| Time/date of action | 20130129 |
| Action agent | Elizabeth Neville |
| 651 #4 - SUBJECT ADDED ENTRY--GEOGRAPHIC NAME | |
| Geographic name | Great Britain |
| Chronological subdivision | 1707- |
| 690 ## - LOCAL SUBJECT ADDED ENTRY--TOPICAL TERM (OCLC, RLIN) | |
| Topical term or geographic name as entry element | Conservation and restoration |
| 700 1# - ADDED ENTRY--PERSONAL NAME | |
| Personal name | Chamberlain, Henry |
| 942 ## - ADDED ENTRY ELEMENTS (KOHA) | |
| Suppress in OPAC | 0 |
| Withdrawn status | Lost status | Source of classification or shelving scheme | Damaged status | Not for loan | Home library | Current library | Shelving location | Date acquired | Total Checkouts | Full call number | Barcode | Date last seen | Copy number | Price effective from | Koha item type |
|---|---|---|---|---|---|---|---|---|---|---|---|---|---|---|---|
| Dewey Decimal Classification | Historic collection | Historic collection | Historic collection | 16/04/2012 | FOLIO 1770 NEW | 30077556 | 06/08/2019 | 1 | 06/08/2019 | Book | |||||
| Dewey Decimal Classification | Historic collection | Historic collection | Historic collection | 16/04/2012 | FOLIO 1770 NEW | 30077552 | 06/08/2019 | 2 | 06/08/2019 | Book | |||||
| Dewey Decimal Classification | Historic collection | Historic collection | Historic collection | 16/04/2012 | FOLIO 1770 NEW | 30077548 | 06/08/2019 | 3 | 06/08/2019 | Book |